[Event "Fagernes International 2022"]
[Site "Fagernes"]
[Date "2022.04.10"]
[Round "1.19"]
[White "Larsen, Per Magnus"]
[Black "Lye, Sigurd"]
[Result "0-1"]
[WhiteElo "1293"]
[BlackElo "1810"]
[Annotator "NA RC"]
[PlyCount "102"]
[EventDate "2022.04.10"]
[EventCountry "NOR"]
[SourceTitle "playchess.com"]
[Source "ChessBase"]
[SourceQuality "1"]

1. d4 {[%emt 0:00:02]} Nf6 {[%emt 0:00:09]} 2. c4 {[%emt 0:00:04]} c5 {[%emt 0:00:02]} 3. d5 {[%emt 0:00:39]} b5 {[%emt 0:00:20]} 4. cxb5 {[%emt 0:01:14]} a6 {[%emt 0:00:05]} 5. b6 {[%emt 0:00:49]} Qxb6 {[%emt 0:07:30]} 6. Nc3 {[%emt 0:01:12]} g6 {[%emt 0:05:07]} 7. Nf3 {[%emt 0:02:11]} Bg7 {[%emt 0:01:49]} 8. Qb3 {[%emt 0:05:33]} Qc7 {[%emt 0:07:19]} 9. e4 {[%emt 0:02:02]} d6 {[%emt 0:01:36]} 10. Bc4 {[%emt 0:02:46]} O-O {[%emt 0:01:35]} 11. h3 {[%emt 0:01:26]} Nbd7 {[%emt 0:02:39]} 12. Bf4 {[%emt 0:04:39]} Rb8 {[%emt 0:06:38]} 13. Qc2 {[%emt 0:04:38]} Nb6 {[%emt 0:07:31]} 14. Nd2 {[%emt 0:02:53]} Nfd7 {[%emt 0:03:30]} 15. b3 {[%emt 0:03:31]} Nxc4 {[%emt 0:04:28]} 16. Nxc4 {[%emt 0:01:12]} Nb6 {[%emt 0:00:23]} 17. Rc1 {[%emt 0:01:16]} Bd7 {[%emt 0:01:18]} 18. Qd2 {[%emt 0:07:08]} Nxc4 {[%emt 0:06:30]} 19. bxc4 {[%emt 0:00:10]} Rb4 {[%emt 0:00:12]} 20. Nd1 {[%emt 0:07:08]} Rfb8 {[%emt 0:01:54]} 21. O-O {[%emt 0:01:05]} Ba4 {[%emt 0:01:11]} 22. Qe1 {[%emt 0:05:56]} Bxd1 {[%emt 0:07:15]} 23. Qxd1 {[%emt 0:00:54]} Rb2 {[%emt 0:01:08]} 24. Qa4 {[%emt 0:11:17]} Qb7 {[%emt 0:04:23]} 25. Rfe1 {[%emt 0:04:30]} Bd4 {[%emt 0:08:57]} 26. Rc2 {[%emt 0:05:20]} Rb4 {[%emt 0:04:48]} 27. Qc6 {[%emt 0:02:45]} Qxc6 {[%emt 0:01:58]} 28. dxc6 {[%emt 0:00:06]} f6 {[%emt 0:02:33]} 29. Bd2 {[%emt 0:04:59]} Ra4 {[%emt 0:04:53]} 30. Kf1 {[%emt 0:01:55]} Rc8 {[%emt 0:01:03]} 31. Be3 {[%emt 0:02:05]} Rxc6 {[%emt 0:00:30]} 32. f4 {[%emt 0:01:13]} e5 {[%emt 0:01:49]} 33. g3 {[%emt 0:05:08]} Ra3 {[%emt 0:00:41]} 34. Kf2 {[%emt 0:01:04]} Kf7 {[%emt 0:01:55]} 35. Bxd4 {[%emt 0:01:50]} cxd4 {[%emt 0:00:14]} 36. fxe5 {[%emt 0:01:20]} dxe5 {[%emt 0:00:55]} 37. Rb1 {[%emt 0:00:24]} Rc3 {[%emt 0:01:23]} 38. Rcb2 {[%emt 0:06:26]} R3xc4 {[%emt 0:02:47]} 39. Rb7+ {[%emt 0:00:52]} Rc7 {[%emt 0:00:40]} 40. Rxc7+ {[%emt 0:01:10]} Rxc7 {[%emt 0:00:09]} 41. Rb2 {[%emt 0:00:35]} h5 {[%emt 0:00:38]} 42. a3 {[%emt 0:02:04]} Rc6 {[%emt 0:02:11]} 43. a4 {[%emt 0:01:13]} g5 {[%emt 0:00:17]} 44. Rb7+ {[%emt 0:01:23]} Kg6 {[%emt 0:00:31]} 45. g4 {[%emt 0:02:32]} hxg4 {[%emt 0:00:15]} 46. hxg4 {[%emt 0:00:04]} Rc4 {[%emt 0:00:11]} 47. a5 {[%emt 0:00:28]} Rc5 {[%emt 0:00:10]} 48. Rb6 {[%emt 0:03:51]} Rxa5 {[%emt 0:00:02]} 49. Ke2 {[%emt 0:00:49]} Ra3 {[%emt 0:00:13]} 50. Rd6 {[%emt 0:00:13]} Re3+ {[%emt 0:00:14]} 51. Kf2 {[%emt 0:00:57]} Rxe4 {[%emt 0:00:06]} 0-1

[Event "Fagernes International 2022"]
[Site "Fagernes"]
[Date "2022.04.10"]
[Round "1.20"]
[White "Cross, Jamie"]
[Black "Holten, Terje"]
[Result "1-0"]
[WhiteElo "1735"]
[BlackElo "1237"]
[Annotator "NA RC"]
[PlyCount "31"]
[EventDate "2022.04.10"]
[EventCountry "NOR"]
[SourceTitle "playchess.com"]
[Source "ChessBase"]
[SourceQuality "1"]

1. d4 {[%emt 0:00:49]} Nf6 {[%emt 0:00:13]} 2. Bg5 {[%emt 0:00:26]} e6 {[%emt 0:01:05]} 3. e4 {[%emt 0:00:24]} Be7 {[%emt 0:01:29]} 4. e5 {[%emt 0:01:12]} Nd5 {[%emt 0:01:51]} 5. Bd2 {[%emt 0:00:41]} O-O {[%emt 0:04:09]} 6. Nf3 {[%emt 0:03:15]} d6 {[%emt 0:03:48]} 7. c4 {[%emt 0:02:51]} Nb6 {[%emt 0:00:26]} 8. exd6 {[%emt 0:00:19]} cxd6 {[%emt 0:00:16]} 9. Bd3 {[%emt 0:01:02]} Nc6 {[%emt 0:07:06]} 10. h4 {[%emt 0:05:30]} e5 {[%emt 0:02:46]} 11. Bxh7+ {[%emt 0:01:30]} Kxh7 {[%emt 0:00:15]} 12. Ng5+ {[%emt 0:00:07]} Kg8 {[%emt 0:01:01]} 13. Qh5 {[%emt 0:00:10]} Bxg5 {[%emt 0:02:06]} 14. hxg5 {[%emt 0:00:11]} f5 {[%emt 0:01:40]} 15. g6 {[%emt 0:00:15]} Re8 {[%emt 0:00:33]} 16. Qh8# {[%emt 0:00:26]} 1-0

[Event "Fagernes International 2022"]
[Site "Fagernes"]
[Date "2022.04.10"]
[Round "1.21"]
[White "Schneider, Andrea"]
[Black "Stai, Sondre"]
[Result "0-1"]
[WhiteElo "1217"]
[BlackElo "1685"]
[Annotator "NA RC"]
[PlyCount "58"]
[EventDate "2022.04.10"]
[EventCountry "NOR"]
[SourceTitle "playchess.com"]
[Source "ChessBase"]
[SourceQuality "1"]

1. d4 {[%emt 0:00:02]} d5 {[%emt 0:00:08]} 2. c4 {[%emt 0:00:11]} c6 {[%emt 0:00:04]} 3. Nf3 {[%emt 0:00:09]} Nf6 {[%emt 0:00:06]} 4. Nc3 {[%emt 0:00:14]} e6 {[%emt 0:00:06]} 5. e3 {[%emt 0:00:29]} Nbd7 {[%emt 0:00:08]} 6. Bd3 {[%emt 0:00:24]} dxc4 {[%emt 0:00:47]} 7. Bxc4 {[%emt 0:00:08]} b5 {[%emt 0:00:06]} 8. Bd3 {[%emt 0:00:07]} a6 {[%emt 0:00:08]} 9. O-O {[%emt 0:01:40]} c5 {[%emt 0:00:38]} 10. Re1 {[%emt 0:04:19]} Bb7 {[%emt 0:01:46]} 11. e4 {[%emt 0:04:37]} Rc8 {[%emt 0:02:43]} 12. Bg5 {[%emt 0:04:05]} Qb6 {[%emt 0:05:05]} 13. Bc2 {[%emt 0:03:49]} cxd4 {[%emt 0:03:31]} 14. Nxd4 {[%emt 0:01:55]} Bb4 {[%emt 0:05:03]} 15. e5 {[%emt 0:08:59]} Bxc3 {[%emt 0:08:02]} 16. bxc3 {[%emt 0:01:14]} Nd5 {[%emt 0:00:26]} 17. Be3 {[%emt 0:05:07]} Rxc3 {[%emt 0:08:26]} 18. Qg4 {[%emt 0:08:26]} Nxe3 {[%emt 0:05:28]} 19. Rxe3 {[%emt 0:05:24]} Rxe3 {[%emt 0:03:06]} 20. fxe3 {[%emt 0:00:20]} O-O {[%emt 0:10:18]} 21. Qg3 {[%emt 0:07:53]} Qc5 {[%emt 0:01:31]} 22. Rf1 {[%emt 0:03:55]} Qxe5 {[%emt 0:01:17]} 23. Qh3 {[%emt 0:00:45]} g6 {[%emt 0:00:43]} 24. Kh1 {[%emt 0:01:40]} Rc8 {[%emt 0:01:15]} 25. Bd3 {[%emt 0:04:49]} Rc3 {[%emt 0:01:22]} 26. Rd1 {[%emt 0:01:13]} Nc5 {[%emt 0:01:19]} 27. Bf1 {[%emt 0:01:34]} Rxe3 {[%emt 0:02:07]} 28. Qh4 {[%emt 0:00:27]} Kg7 {[%emt 0:10:18]} 29. Qe7 {[%emt 0:06:08]} Rh3 {[%emt 0:04:11]} 0-1

[Event "Fagernes International 2022"]
[Site "Fagernes"]
[Date "2022.04.11"]
[Round "2.1"]
[White "Lye, Sigurd"]
[Black "Lund, Terje"]
[Result "1/2-1/2"]
[WhiteElo "1810"]
[BlackElo "2020"]
[Annotator "NA RC"]
[PlyCount "96"]
[EventDate "2022.04.10"]
[EventCountry "NOR"]
[SourceTitle "playchess.com"]
[Source "ChessBase"]
[SourceQuality "1"]

1. e4 {[%emt 0:00:02]} c6 {[%emt 0:00:09]} 2. Nc3 {[%emt 0:00:04]} d5 {[%emt 0:00:25]} 3. Nf3 {[%emt 0:00:05]} Nf6 {[%emt 0:01:13]} 4. e5 {[%emt 0:01:16]} Ne4 {[%emt 0:00:10]} 5. Ne2 {[%emt 0:00:11]} Qb6 {[%emt 0:00:48]} 6. d4 {[%emt 0:00:08]} e6 {[%emt 0:00:31]} 7. c3 {[%emt 0:15:00]} c5 {[%emt 0:00:40]} 8. Ng3 {[%emt 0:02:26]} Nc6 {[%emt 0:01:32]} 9. Bd3 {[%emt 0:01:09]} Nxg3 {[%emt 0:00:23]} 10. hxg3 {[%emt 0:00:12]} cxd4 {[%emt 0:00:24]} 11. cxd4 {[%emt 0:00:53]} Bd7 {[%emt 0:00:22]} 12. Kf1 {[%emt 0:12:28]} h6 {[%emt 0:03:13]} 13. a3 {[%emt 0:14:25]} Be7 {[%emt 0:10:42]} 14. g4 $1 {[%emt 0:03:31]} O-O-O {[%emt 0:02:33]} (14... Nxd4 $2 15. Be3 $18) 15. b4 {[%emt 0:05:27]} Kb8 {[%emt 0:12:31]} (15... Nxd4 $2 16. Be3 Kb8 17. Bxd4 $18) 16. g3 {[%emt 0:11:13]} Ka8 {[%emt 0:19:28]} 17. Kg2 {[%emt 0:03:00]} f6 {[%emt 0:04:49]} 18. Be3 {[%emt 0:08:42]} Rhf8 {[%emt 0:10:08]} 19. b5 {[%emt 0:03:39]} Na5 {[%emt 0:11:09]} 20. Qa4 {[%emt 0:09:01]} Rc8 $1 {[%emt 0:01:50]} 21. Rhc1 {[%emt 0:02:04]} Nc4 {[%emt 0:03:58]} 22. Bxc4 {[%emt 0:02:46]} Rxc4 {[%emt 0:00:40]} 23. Rxc4 {[%emt 0:00:51]} dxc4 {[%emt 0:00:07]} 24. Rb1 {[%emt 0:02:28]} a6 {[%emt 0:10:29]} 25. d5 {[%emt 0:08:38]} Bc5 {[%emt 0:00:11]} 26. dxe6 {[%emt 0:01:00]} Bxe6 {[%emt 0:07:51] [#]} 27. Bxc5 $2 {[%emt 0:01:14]} (27. bxa6 $1 $16 Qxb1 28. Bxc5 (28. axb7+ $2 Kxb7 29. Bxc5 Ra8 $19)) 27... Qxc5 {[%emt 0:00:29]} 28. bxa6 {[%emt 0:00:07]} b6 {[%emt 0:00:41]} 29. Rb5 $19 {[%emt 0:02:08]} (29. Qb5 $17 {is tougher.}) 29... Qc6 {[%emt 0:00:48]} 30. Qb4 {[%emt 0:00:24]} Rb8 {[%emt 0:01:06]} 31. a7 {[%emt 0:00:51]} Kxa7 {[%emt 0:01:18]} 32. Kg1 {[%emt 0:00:27]} Rd8 {[%emt 0:01:25]} 33. Ne1 {[%emt 0:00:48]} Bxg4 {[%emt 0:01:54]} 34. f3 {[%emt 0:00:19]} Bd7 {[%emt 0:01:42]} 35. a4 {[%emt 0:00:21]} Re8 {[%emt 0:00:42]} 36. Qc3 {[%emt 0:00:32]} Qb7 {[%emt 0:00:22]} 37. Rb4 {[%emt 0:00:33]} Rxe5 {[%emt 0:00:32]} 38. Rxc4 {[%emt 0:00:19]} Kb8 {[%emt 0:00:56]} 39. Nc2 {[%emt 0:00:51]} Qd5 {[%emt 0:00:39]} 40. Nd4 {[%emt 0:00:25]} Qa5 {[%emt 0:00:42]} 41. Rc8+ {[%emt 0:01:33]} Bxc8 {[%emt 0:03:49]} 42. Nc6+ {[%emt 0:00:16]} Kb7 {[%emt 0:00:12]} 43. Nxa5+ {[%emt 0:01:32]} Rxa5 {[%emt 0:00:47]} 44. Qd4 {[%emt 0:01:19]} Rc5 {[%emt 0:02:11]} 45. Qd6 {[%emt 0:02:29]} Rc7 {[%emt 0:01:29]} 46. Qd5+ {[%emt 0:02:21]} Kb8 {[%emt 0:01:53]} 47. Qd6 {[%emt 0:03:02]} Kb7 {[%emt 0:01:37]} 48. Qd5+ {[%emt 0:00:08]} Kb8 {[%emt 0:03:12]} 1/2-1/2

[Event "Fagernes International 2022"]
[Site "Fagernes"]
[Date "2022.04.11"]
[Round "2.2"]
[White "Johannessen, Heine N"]
[Black "Cross, Jamie"]
[Result "1-0"]
[WhiteElo "1928"]
[BlackElo "1735"]
[Annotator "RC"]
[PlyCount "111"]
[EventDate "2022.04.10"]
[EventCountry "NOR"]
[SourceTitle "playchess.com"]
[Source "ChessBase"]
[SourceQuality "1"]

1. d4 {[%emt 0:00:17]} g6 {[%emt 0:00:07]} 2. Nf3 {[%emt 0:00:45]} Bg7 {[%emt 0:00:23]} 3. g3 {[%emt 0:00:38]} c5 {[%emt 0:00:21]} 4. c4 {[%emt 0:01:58]} cxd4 {[%emt 0:00:15]} 5. Nxd4 {[%emt 0:00:15]} Nc6 {[%emt 0:00:06]} 6. Nb5 {[%emt 0:13:46]} h5 {[%emt 0:04:32]} 7. h4 {[%emt 0:03:29]} d6 {[%emt 0:05:40]} 8. Bg2 {[%emt 0:09:41]} Be6 {[%emt 0:03:54]} 9. Qa4 {[%emt 0:05:35]} Nh6 {[%emt 0:27:43]} 10. O-O {[%emt 0:04:14]} Ng4 {[%emt 0:02:07]} 11. N5c3 {[%emt 0:11:08]} O-O {[%emt 0:06:15]} 12. Nd5 {[%emt 0:03:02]} Rc8 {[%emt 0:07:47]} 13. Nbc3 {[%emt 0:03:26]} Re8 {[%emt 0:08:19]} 14. Bg5 {[%emt 0:06:40]} Kf8 {[%emt 0:24:01]} 15. Nf4 {[%emt 0:12:00]} Bd7 {[%emt 0:01:23]} 16. Bd5 {[%emt 0:01:30]} a6 {[%emt 0:05:53]} 17. Qc2 {[%emt 0:01:59]} Bf5 {[%emt 0:00:59]} 18. e4 {[%emt 0:01:11]} Nb4 {[%emt 0:01:27]} 19. Qb3 {[%emt 0:04:02]} Nxd5 {[%emt 0:00:54]} 20. Nfxd5 {[%emt 0:00:52]} Be6 {[%emt 0:04:32]} 21. f3 {[%emt 0:04:21]} Bd4+ {[%emt 0:00:48]} 22. Kg2 {[%emt 0:00:16]} Nf6 {[%emt 0:01:29]} 23. Rad1 {[%emt 0:01:29]} Bc5 {[%emt 0:00:31]} 24. e5 {[%emt 0:01:01]} Nxd5 {[%emt 0:01:41]} 25. cxd5 {[%emt 0:00:46]} Bf5 {[%emt 0:00:18]} 26. Ne4 {[%emt 0:03:05]} Qb6 {[%emt 0:00:59]} 27. exd6 {[%emt 0:03:32]} Qxb3 {[%emt 0:00:19]} 28. Bxe7+ {[%emt 0:00:15]} Rxe7 {[%emt 0:01:16]} 29. dxe7+ {[%emt 0:00:05]} Bxe7 {[%emt 0:00:06]} 30. axb3 {[%emt 0:00:05]} Bd8 {[%emt 0:00:54]} 31. Rc1 {[%emt 0:00:48]} Rb8 {[%emt 0:00:21]} 32. b4 {[%emt 0:02:49]} Bd7 {[%emt 0:00:26]} 33. Rfe1 {[%emt 0:00:34]} Bb5 {[%emt 0:00:40]} 34. Nd6 {[%emt 0:00:45]} Bd7 {[%emt 0:00:09]} 35. Ne4 {[%emt 0:00:13]} Bb5 {[%emt 0:00:17]} 36. Rc2 {[%emt 0:01:36]} Bd3 {[%emt 0:00:19]} 37. Rc3 {[%emt 0:00:19]} Bb5 {[%emt 0:00:05]} 38. Rec1 {[%emt 0:00:11]} Bd7 {[%emt 0:00:12]} 39. Rc4 {[%emt 0:02:58]} b6 {[%emt 0:00:21]} 40. Kf2 {[%emt 0:04:34]} Ke7 {[%emt 0:02:00]} 41. Ke3 {[%emt 0:04:00]} Ra8 {[%emt 0:01:33]} 42. Kd4 {[%emt 0:02:13]} a5 {[%emt 0:02:44]} 43. bxa5 {[%emt 0:07:19]} Rxa5 {[%emt 0:00:06]} 44. R4c3 {[%emt 0:06:29]} f5 {[%emt 0:03:11]} 45. Ng5 {[%emt 0:02:21]} Kf6 {[%emt 0:08:55]} 46. Rc6+ {[%emt 0:01:23]} Bxc6 {[%emt 0:00:38]} 47. Rxc6+ {[%emt 0:00:06]} Ke7 {[%emt 0:00:04]} 48. Rxg6 {[%emt 0:05:09]} Kd7 {[%emt 0:04:55]} 49. Nf7 {[%emt 0:02:58]} Bc7 {[%emt 0:07:28]} 50. Ne5+ {[%emt 0:01:05]} Bxe5+ {[%emt 0:02:32]} 51. Kxe5 {[%emt 0:00:03]} Rb5 {[%emt 0:00:11]} 52. Rg7+ {[%emt 0:00:26]} Ke8 {[%emt 0:00:24]} 53. Ke6 {[%emt 0:00:21]} Kf8 {[%emt 0:00:20]} 54. Rg5 {[%emt 0:00:04]} f4 {[%emt 0:01:14]} 55. Rf5+ {[%emt 0:00:19]} Ke8 {[%emt 0:00:20]} 56. Rxh5 {[%emt 0:00:17]} 1-0

[Event "Fagernes International 2022"]
[Site "Fagernes"]
[Date "2022.04.11"]
[Round "2.3"]
[White "Stai, Sondre"]
[Black "Fiskaaen, Martin Holten"]
[Result "1/2-1/2"]
[WhiteElo "1685"]
[BlackElo "1880"]
[Annotator "NA RC"]
[PlyCount "72"]
[EventDate "2022.04.10"]
[EventCountry "NOR"]
[SourceTitle "playchess.com"]
[Source "ChessBase"]
[SourceQuality "1"]

1. e4 {[%emt 0:00:46]} c5 {[%emt 0:00:20]} 2. b3 {[%emt 0:00:09]} g6 {[%emt 0:00:21]} 3. Bb2 {[%emt 0:00:14]} Nf6 {[%emt 0:00:09]} 4. Qf3 {[%emt 0:00:18]} d6 {[%emt 0:00:15]} 5. Bb5+ {[%emt 0:00:12]} Bd7 {[%emt 0:00:19]} 6. Bxf6 {[%emt 0:00:24]} exf6 {[%emt 0:00:15]} 7. Bxd7+ {[%emt 0:00:12]} Nxd7 {[%emt 0:00:40]} 8. Nc3 {[%emt 0:00:13]} Bg7 {[%emt 0:09:34]} 9. Nge2 {[%emt 0:00:18]} O-O {[%emt 0:02:27]} 10. Nf4 {[%emt 0:01:53]} f5 {[%emt 0:33:22]} 11. exf5 {[%emt 0:05:40]} Re8+ {[%emt 0:03:21]} 12. Nfe2 {[%emt 0:03:59]} b5 {[%emt 0:01:23]} 13. O-O {[%emt 0:39:41]} (13. Rd1 $11) 13... b4 {[%emt 0:04:11]} 14. Nd5 $1 {[%emt 0:00:17]} Bxa1 {[%emt 0:01:08]} 15. Rxa1 {[%emt 0:00:05]} Kg7 {[%emt 0:11:36]} 16. Nef4 {[%emt 0:08:11]} Nf6 {[%emt 0:01:08]} 17. c4 {[%emt 0:07:47]} a5 {[%emt 0:03:53]} 18. Rb1 {[%emt 0:03:35]} (18. a4 $1 $11 {remains equal.}) 18... Ra7 {[%emt 0:02:47]} 19. g3 {[%emt 0:03:22]} a4 {[%emt 0:02:07]} 20. h4 {[%emt 0:00:17]} axb3 {[%emt 0:03:14]} 21. axb3 {[%emt 0:00:18]} Ra2 {[%emt 0:01:12]} 22. h5 {[%emt 0:06:23]} (22. d3 $15 {was preferrable.}) 22... gxf5 {[%emt 0:06:09]} 23. h6+ {[%emt 0:04:20]} Kh8 {[%emt 0:05:52]} 24. Nh5 {[%emt 0:05:15]} Nxh5 {[%emt 0:04:51]} 25. Qxh5 {[%emt 0:00:11]} Rg8 {[%emt 0:01:40]} 26. Qxf5 {[%emt 0:03:34]} Qg5 {[%emt 0:01:34]} 27. Qxf7 {[%emt 0:04:30]} Qxh6 {[%emt 0:00:33]} 28. Re1 {[%emt 0:02:14]} Rxd2 {[%emt 0:01:07]} 29. Kg2 {[%emt 0:02:49]} Rf8 {[%emt 0:01:10]} 30. Re8 {[%emt 0:00:46]} Rxe8 {[%emt 0:03:09]} 31. Qxe8+ {[%emt 0:00:20]} Kg7 $18 {[%emt 0:00:05]} 32. Qe7+ {[%emt 0:02:05]} Kh8 {[%emt 0:02:33]} 33. Qe8+ {[%emt 0:00:24]} Kg7 {[%emt 0:00:06]} 34. Qe7+ {[%emt 0:00:03]} Kh8 {[%emt 0:01:36]} 35. Qe8+ {[%emt 0:03:07]} Kg7 {[%emt 0:00:10]} 36. Qe7+ {[%emt 0:00:52]} Kh8 {[%emt 0:00:08]} 1/2-1/2

[Event "Fagernes International 2022"]
[Site "Fagernes"]
[Date "2022.04.11"]
[Round "2.4"]
[White "Rynning, Rune Kleiven"]
[Black "Myagmarsuren, Evsuld"]
[Result "1-0"]
[WhiteElo "1694"]
[BlackElo "1858"]
[Annotator "NA RC"]
[PlyCount "75"]
[EventDate "2022.04.10"]
[EventCountry "NOR"]
[SourceTitle "playchess.com"]
[Source "ChessBase"]
[SourceQuality "1"]

1. e4 {[%emt 0:00:02]} c5 {[%emt 0:00:05]} 2. Nf3 {[%emt 0:00:05]} d6 {[%emt 0:00:08]} 3. d4 {[%emt 0:00:04]} cxd4 {[%emt 0:00:05]} 4. Nxd4 {[%emt 0:00:07]} Nf6 {[%emt 0:00:06]} 5. Nc3 {[%emt 0:00:07]} a6 {[%emt 0:00:06]} 6. Bg5 {[%emt 0:00:05]} e6 {[%emt 0:00:11]} 7. f4 {[%emt 0:00:10]} Be7 {[%emt 0:00:14]} 8. Qf3 {[%emt 0:00:08]} Qa5 {[%emt 0:00:56]} 9. Nb3 {[%emt 0:12:17]} Qc7 {[%emt 0:00:05]} 10. O-O-O {[%emt 0:01:15]} b5 {[%emt 0:02:51]} 11. Bxf6 {[%emt 0:09:27]} Bxf6 {[%emt 0:00:19]} 12. Bxb5+ {[%emt 0:01:38]} Nd7 {[%emt 0:01:16]} 13. e5 {[%emt 0:08:30]} Bb7 {[%emt 0:07:09]} 14. Bxd7+ {[%emt 0:00:17]} Qxd7 {[%emt 0:00:42]} 15. Qg3 {[%emt 0:00:50]} Be7 {[%emt 0:01:41]} 16. Qxg7 {[%emt 0:06:52]} O-O-O {[%emt 0:03:05]} 17. Nc5 {[%emt 0:01:32]} Qe8 {[%emt 0:04:15]} 18. Nxb7 {[%emt 0:02:27]} Kxb7 {[%emt 0:02:03]} 19. exd6 {[%emt 0:01:28]} Bxd6 {[%emt 0:00:43]} 20. g3 {[%emt 0:06:15]} Qc6 {[%emt 0:06:59]} 21. Qxf7+ {[%emt 0:04:40]} Rd7 {[%emt 0:00:05]} 22. Qh5 {[%emt 0:02:50]} Rhd8 {[%emt 0:06:21]} 23. Qe2 {[%emt 0:02:44]} Ka7 $18 {[%emt 0:09:10]} 24. Rhe1 {[%emt 0:06:55]} Rb7 {[%emt 0:10:14]} 25. Ne4 {[%emt 0:07:14]} Bc7 {[%emt 0:33:16]} 26. Rxd8 {[%emt 0:01:05]} Bxd8 {[%emt 0:00:27]} 27. Rd1 {[%emt 0:06:40]} Be7 {[%emt 0:04:09]} 28. Qd3 {[%emt 0:06:34]} Kb8 {[%emt 0:03:09]} 29. Qd4 {[%emt 0:02:30]} Ka8 {[%emt 0:03:33]} 30. Ng5 {[%emt 0:07:38]} Bc5 {[%emt 0:01:35]} 31. Qe5 {[%emt 0:01:57]} Qb6 {[%emt 0:05:03]} 32. Nxe6 {[%emt 0:03:27]} Be7 {[%emt 0:02:26]} 33. f5 {[%emt 0:02:28]} Qf2 {[%emt 0:03:25]} 34. Nc7+ {[%emt 0:01:41]} Kb8 {[%emt 0:01:05]} 35. Qxe7 {[%emt 0:02:17]} Rxc7 {[%emt 0:00:07]} 36. Rd8+ {[%emt 0:02:00]} Kb7 {[%emt 0:00:38]} 37. Qb4+ {[%emt 0:00:23]} Ka7 {[%emt 0:00:23]} 38. Qb8# {[%emt 0:00:35]} 1-0

[Event "Fagernes International 2022"]
[Site "Fagernes"]
[Date "2022.04.11"]
[Round "2.5"]
[White "Ostensen, Nicolai Maxime"]
[Black "Helgoy, Hakon"]
[Result "1-0"]
[WhiteElo "1728"]
[BlackElo "1732"]
[Annotator "NA RC"]
[PlyCount "69"]
[EventDate "2022.04.10"]
[EventCountry "NOR"]
[SourceTitle "playchess.com"]
[Source "ChessBase"]
[SourceQuality "1"]

1. c4 {[%emt 0:00:04]} b6 {[%emt 0:00:18]} 2. Nc3 {[%emt 0:00:05]} Bb7 {[%emt 0:00:12]} 3. e4 {[%emt 0:00:05]} e6 {[%emt 0:00:20]} 4. Nge2 {[%emt 0:00:22]} c5 {[%emt 0:03:10]} 5. d3 {[%emt 0:05:10]} d6 {[%emt 0:06:21]} 6. g3 {[%emt 0:00:46]} Ne7 {[%emt 0:13:14]} 7. Bg2 {[%emt 0:00:22]} g6 {[%emt 0:00:54]} 8. O-O {[%emt 0:01:12]} Bg7 {[%emt 0:00:30]} 9. Bg5 {[%emt 0:00:39]} f6 {[%emt 0:08:31]} 10. Bf4 {[%emt 0:01:57]} O-O {[%emt 0:06:44]} 11. d4 {[%emt 0:07:52]} e5 {[%emt 0:29:59]} 12. dxe5 {[%emt 0:00:45]} dxe5 {[%emt 0:00:23]} 13. Be3 {[%emt 0:00:16]} Nbc6 {[%emt 0:00:29]} 14. Nd5 {[%emt 0:00:36]} Nd4 {[%emt 0:00:32]} 15. f4 {[%emt 0:02:31]} Nec6 {[%emt 0:05:21]} 16. b3 {[%emt 0:01:56]} Nxe2+ {[%emt 0:05:20]} 17. Qxe2 {[%emt 0:00:11]} Nd4 {[%emt 0:00:20]} 18. Bxd4 {[%emt 0:00:19]} cxd4 {[%emt 0:02:11]} 19. f5 {[%emt 0:01:53]} Qd6 {[%emt 0:03:35]} 20. Qd3 {[%emt 0:04:12]} Rac8 {[%emt 0:03:20]} 21. h4 {[%emt 0:01:26]} Bxd5 {[%emt 0:01:01]} 22. exd5 {[%emt 0:00:17]} b5 {[%emt 0:05:32]} 23. fxg6 {[%emt 0:04:34]} bxc4 {[%emt 0:02:10]} 24. gxh7+ {[%emt 0:02:09]} Kh8 {[%emt 0:00:06]} 25. bxc4 {[%emt 0:00:07]} Rc7 {[%emt 0:02:52]} 26. Rac1 {[%emt 0:02:17]} Bh6 {[%emt 0:01:43]} 27. Rc2 {[%emt 0:00:45]} Be3+ {[%emt 0:01:40]} 28. Kh2 {[%emt 0:00:32]} Rc5 {[%emt 0:05:46]} 29. Rf5 {[%emt 0:00:45]} Qa6 {[%emt 0:00:54]} 30. Qf1 {[%emt 0:01:25]} Bh6 {[%emt 0:01:02]} 31. Be4 {[%emt 0:00:38]} Bg7 {[%emt 0:00:33]} 32. Bd3 {[%emt 0:00:40]} Rb8 {[%emt 0:00:51]} 33. g4 {[%emt 0:00:55]} Qd6 {[%emt 0:00:30]} 34. Kg2 {[%emt 0:01:00]} Rb6 {[%emt 0:00:32]} 35. Rcf2 {[%emt 0:01:10]} 1-0

[Event "Fagernes International 2022"]
[Site "Fagernes"]
[Date "2022.04.11"]
[Round "2.6"]
[White "Vangen, David Luangtep"]
[Black "Amundsen, Ask"]
[Result "0-1"]
[WhiteElo "1665"]
[BlackElo "1819"]
[Annotator "NA RC"]
[PlyCount "42"]
[EventDate "2022.04.10"]
[EventCountry "NOR"]
[SourceTitle "playchess.com"]
[Source "ChessBase"]
[SourceQuality "1"]

1. e4 {[%emt 0:00:04]} c6 {[%emt 0:00:23]} 2. d4 {[%emt 0:00:11]} d5 {[%emt 0:00:05]} 3. e5 {[%emt 0:00:33]} c5 {[%emt 0:00:09]} 4. c3 {[%emt 0:02:59]} Nc6 {[%emt 0:00:41]} 5. Nf3 {[%emt 0:05:09]} cxd4 {[%emt 0:01:42]} 6. cxd4 {[%emt 0:01:28]} Bg4 {[%emt 0:00:55]} 7. Bb5 {[%emt 0:02:49]} e6 {[%emt 0:04:37]} 8. O-O {[%emt 0:05:26]} Qb6 {[%emt 0:02:16]} 9. Nc3 {[%emt 0:08:09]} Nge7 {[%emt 0:04:44]} 10. h3 {[%emt 0:12:56]} Bxf3 {[%emt 0:04:31]} 11. Qxf3 {[%emt 0:00:12]} a6 $11 {[%emt 0:00:49]} ({Black should play} 11... Qxd4 $17 12. Rd1 Qb6) 12. Ba4 {[%emt 0:06:55]} (12. Bxc6+ $11 Nxc6 13. Rd1) 12... Qxd4 {[%emt 0:03:27]} 13. Be3 {[%emt 0:07:15]} Qxe5 {[%emt 0:01:30]} 14. Rfe1 {[%emt 0:01:21]} Qf5 {[%emt 0:14:40]} 15. Qg3 {[%emt 0:04:47] [#]} (15. Qd1 $1 $11) 15... Rc8 $1 {[%emt 0:07:30]} ({Don't play} 15... b5 $6 16. Bxb5 axb5 17. Nxb5 $11) 16. Rad1 {[%emt 0:29:22]} f6 {[%emt 0:12:33]} 17. Bb6 {[%emt 0:07:45]} Kf7 {[%emt 0:07:01]} 18. Qd6 {[%emt 0:02:52]} Ne5 {[%emt 0:02:24]} 19. g4 {[%emt 0:03:18]} Qf4 {[%emt 0:03:04]} 20. Kf1 {[%emt 0:04:25]} Nf5 {[%emt 0:02:17]} 21. Nxd5 {[%emt 0:02:01]} Qc4+ {[%emt 0:00:11]} 0-1